| Tag |
First Indicator |
Second Indicator |
Subfields |
| LEADER |
00000cgm a22000001i 4500 |
| 001 |
in00004008313 |
| 005 |
20190416191840.0 |
| 006 |
m|||||o||c|||||||| |
| 007 |
vz |za||| |
| 007 |
cr |za|||||||| |
| 008 |
180103s2017 cau||| f o vleng d |
| 020 |
|
|
|a 9781544306742 (streaming video) :
|c No price
|
| 035 |
|
|
|a (OCoLC)1020312933
|
| 035 |
|
|
|a (CaToSAGE)SAGE000002820
|
| 040 |
|
|
|a CaToSAGE
|b eng
|e rda
|c CaToSAGE
|e pn
|d UtOrBLW
|
| 041 |
0 |
|
|a eng
|j eng
|
| 050 |
|
4 |
|a LC3993.25
|b .G54 2017
|
| 082 |
0 |
4 |
|a 371.95
|
| 245 |
0 |
0 |
|a Gifted students.
|
| 264 |
|
1 |
|a Thousand Oaks :
|b SAGE Publications, Inc,
|c 2017.
|
| 300 |
|
|
|a 1 online resource (1 video file (00:00:38)) :
|b sound, colour
|
| 336 |
|
|
|a two-dimensional moving image
|b tdi
|2 rdacontent
|
| 337 |
|
|
|a video
|b v
|2 rdamedia
|
| 338 |
|
|
|a online resource
|b cr
|2 rdacarrier
|
| 511 |
0 |
|
|a Practitioner, Ian McFadyen.
|
| 520 |
8 |
|
|a Ian McFadyen explains his approach to teaching gifted students.
|
| 546 |
|
|
|a Closed-captioned in English.
|
| 588 |
|
|
|a Description based on XML content.
|
| 650 |
|
0 |
|a Gifted children
|x Education.
|0 http://id.loc.gov/authorities/subjects/sh85054888
|
| 650 |
|
0 |
|a Effective teaching.
|0 http://id.loc.gov/authorities/subjects/sh95003618
|
| 655 |
|
7 |
|a Internet videos.
|2 lcgft
|0 http://id.loc.gov/authorities/genreForms/gf2011026337
|
| 700 |
1 |
|
|a McFadyen, Ian,
|e on-screen presenter.
|0 http://id.loc.gov/authorities/names/no2001051527
|
| 856 |
4 |
0 |
|u http://proxy.library.tamu.edu/login?url=http://sk.sagepub.com/video/gifted-students
|z Connect to this streaming video
|t 0
|
| 999 |
f |
f |
|s f6dccef5-769f-3c5b-a39d-a6c17c0451fd
|i a8363e5f-6e9e-36a7-8dbc-fcc30a20fa7e
|t 0
|
| 952 |
f |
f |
|a Texas A&M University
|b College Station
|c Electronic Resources
|d Available Online
|t 0
|e LC3993.25 .G54 2017
|h Library of Congress classification
|
| 998 |
f |
f |
|a LC3993.25 .G54 2017
|t 0
|l Available Online
|